Normal view
MARC view
Entry Personal Name
001 - CONTROL NUMBER
- control field: 853886
003 - CONTROL NUMBER IDENTIFIER
- control field: OSt
005 - DATE AND TIME OF LATEST TRANSACTION
- control field: 20251202141708.0
008 - FIXED-LENGTH DATA ELEMENTS
- fixed length control field: 251202|| aca||aabn | a|a d
040 ## - CATALOGING SOURCE
- Original cataloging agency: OSt
- Transcribing agency: OSt
100 ## - HEADING--PERSONAL NAME
- Personal name: रंगा रामानुज
670 ## - SOURCE DATA FOUND
- Source citation: Work cat.: (OSt)378276: रंगा रामानुज, तैत्तिरी ऐतरेय छान्दोग्योपनिषद् भाष्यम्, 1973
